Medzinárodné porovnanie plnenia cieľov udržateľného rozvoja Agendy 2030: Zameranie na indikátory zdravia a kvality života diplomová práca
Guardado en:
| Autor principal: | |
|---|---|
| Autor Corporativo: | |
| Otros Autores: | |
| Formato: | Libro |
| Lenguaje: | eslovaco |
| Publicado: |
Bratislava
2019
|
| Etiquetas: |
Sin Etiquetas, Sea el primero en etiquetar este registro!
|
MARC
| LEADER | 00000nbm a2200000 4500 | ||
|---|---|---|---|
| 001 | 0254233 | ||
| 005 | 20191205140004.1 | ||
| 041 | 0 | |a slo | |
| 044 | |a SK | ||
| 245 | 1 | 0 | |a Medzinárodné porovnanie plnenia cieľov udržateľného rozvoja Agendy 2030: Zameranie na indikátory zdravia a kvality života |b diplomová práca |c Alena Farkašová ; školiteľ: Ľubica Sipková |
| 264 | 1 | |a Bratislava |c 2019 | |
| 300 | |a 97 s. | ||
| 100 | 1 | |a Farkašová, Alena | |
| 700 | 1 | |a Sipková, Ľubica, 1962- | |
| 710 | 2 | |a Fakulta hospodárskej informatiky EU. Katedra štatistiky | |